Statistics for Spanish Verbs

Click here to take the quiz!

General Stats

  • This quiz has been taken 1,575 times
  • The average score is 28 of 42

Answer Stats

HintAnswer% Correct
to drinkbeber, tomar
96%
to eatcomer
96%
to talkhablar
93%
to goir
93%
to livevivir
92%
to be (inherent)ser
91%
to dohacer
90%
to buycomprar
89%
to runcorrer
89%
to swimnadar
89%
to paypagar
89%
to seever
88%
to openabrir
86%
to think/believecreer, pensar
85%
to be (condition)estar
85%
to walkcaminar
81%
to lookmirar
81%
to win/gainganar
80%
to cleanlimpiar
80%
to diemorir
78%
to paintpintar
74%
to preferpreferir
74%
to prepare (transitive)preparar
74%
to be able (to do something)poder
73%
to serveservir
73%
to loseperder
67%
to drawdibujar
66%
to insistinsistir (en)
65%
to includeincluir
60%
to organize (transitive)organizar
55%
to ask forpedir
54%
to return (intransitive)volver
54%
to wishdesear
42%
to employemplear
40%
to drivemanejar
39%
to smelloler
37%
to eraseborrar
36%
to charge (battery)cargar
32%
to recommendrecomendar, aconsejar
27%
to suggestsugerir
27%
to prepare (intransitive)prepararse
14%
to exerciseejercitar
10%

Score Distribution

Percentile by Number Answered

Percent of People with Each Score

Your Score History

You have not taken this quiz